| 000 | 00876aam a2200265 4500 | ||
|---|---|---|---|
| 999 |
_c33374 _d33374 |
||
| 001 | 2562 | ||
| 003 | CO-MdFUSB | ||
| 005 | 20171110083651.0 | ||
| 008 | 170407t1997 sp ||||| |||| 00| 0 spa d | ||
| 020 | _a84-301-1296-0 | ||
| 040 |
_aCO-MdFUSB _bspa _cCO-MdFUSB _dCO-MdFUSBC _erda |
||
| 041 | 0 | _aspa | |
| 082 | 0 | 4 | _aG 225.6 S914i |
| 100 | 1 |
_aStrecker, Georg (1929-1994) _eautor |
|
| 245 | 0 | 0 |
_aIntroducción a la exégesis del Nuevo Testamento _c/ Georg Strecker, Udo Schnelle ; Alfonso Olivera, José Hernández, Traductores |
| 250 | _a2 | ||
| 264 | 4 |
_aSalamanca, España: _bSígueme, _c© 1997 |
|
| 300 | _a217 Pag | ||
| 336 |
_2rdacontent _atexto _btxt |
||
| 337 |
_2rdamedia _asin mediación _bn |
||
| 338 |
_2rdacarrier _avolumen _bnc |
||
| 500 | _aTítulo original : Einführung in dei neutestamentliche exegese | ||
| 630 | 0 | 7 |
_aBiblia. _pNuevo Testamento |
| 942 | _cBK | ||